000 01256nam a2200253Ia 4500
008 0000001990 ve ad 0000000000spa00
020 _a9806042468
090 _aPSP00 M15m
245 1 0 _aManolo Valdes
_c/ fotografías Edward Gorn
300 _a36 p.
_c/ 27 cm.
500 _aExposición realizada en la Galería Freites, Caracas, octubre a noviembre de 1990 \ Incluye cronología del artista \ Registro auspiciado por la FGAA. Bogotá
501 _aManolo Valdes : retratar los iconos ancestrales / José María Salvador
505 _aOBRAS : Mickey mouse Mickey mouse I Infanta Margarita (cabeza) Infanta Margarita Ribera San Felipe Las tres gracias Señoritas D'Avignon Bonnard La mujer en el baño El baño El baño I Conde Duque de Olivares El principe Baltasar Carlos IV La chica con la pelota
600 0 0 _aVALDES, MANOLO, 1942/
_xTRABAJOS PICTORICOS
650 1 4 _aARTE CONTEMPORANEO ESPAÑOL
650 1 4 _aARTISTAS PLASTICOS ESPAÑOLES EXPOSIONES
650 1 4 _xCATALOGOS
650 1 4 _xEXPOSICIONES
650 1 4 _aPINTORES ESPAÑOLES
650 1 4 _aPINTURA AL OLEO
650 1 4 _aPINTURA ESPAÑOLA
700 1 _aGorn, Edward \ Salvador, José María
999 _c10595
_d10595
260 _aCaracas : Galería Freites
_c1990